[Event "Titled Tuesday intern op 16th Apr Late"]
[Site "Chess.com INT"]
[Date "2024.04.16"]
[Round "4"]
[White "Slade, Theodore"]
[Black "Vea, Odin Blikra"]
[Result "1-0"]
[WhiteElo "2112"]
[BlackElo "2157"]
[PlyCount "111"]
[EventDate "2024.04.16"]
[EventType "swiss (blitz)"]
[EventRounds "11"]
[EventCountry "USA"]
[SourceTitle "CB17_2024"]
[SourceDate "2024.04.24"]
[SourceVersion "1"]
[SourceVersionDate "2024.04.24"]
[SourceQuality "1"]

1. d4 Nf6 2. c4 g6 3. Nc3 Bg7 4. e4 d6 5. Nf3 0-0 6. Be2 e5 7. Be3 Nc6 8. d5 Ne7 9. Nd2 Ne8 10. f3 f5 11. c5 f4 12. Bf2 g5 13. Nc4 Ng6 14. cxd6 cxd6 15. Nb5 a6 16. Nc3 Nh4 17. Bxh4 gxh4 18. h3 b5 19. Nd2 Nf6 20. 0-0 Nh5 21. a4 b4 22. Na2 Qg5 23. Kh1 Bxh3 24. Rg1 Bd7 25. Nxb4 Bf6 26. Rc1 Rf7 27. Rc7 Rg7 28. Nxa6 h3 29. gxh3 Ng3+ 30. Kh2 Qh4 31. Bf1 Rxa6 32. Rxd7 Rxd7 33. Bxa6 Rg7 34. Bc8 h5 35. Be6+ Kh7 36. a5 Qg5 37. a6 Bd8 38. b4 Bb6 39. Rg2 Kh6 40. b5 Be3 41. Nc4 Bc5 42. b6 Qd8 43. b7 Nxe4 44. fxe4 Rxg2+ 45. Kxg2 Qg5+ 46. Kh1 Qg3 47. Qf1 f3 48. b8Q f2 49. Qh8+ Kg5 50. Qg8+ Kh4 51. Qxg3+ Kxg3 52. Nxd6 Ba7 53. Nf5+ Kf4 54. Kg2 h4 55. Qxf2+ Kxe4 56. Qf3# 1-0

[Event "Titled Tuesday intern op 16th Apr Late"]
[Site "Chess.com INT"]
[Date "2024.04.16"]
[Round "1"]
[White "Vea, Odin Blikra"]
[Black "Sethuraman, Sandeep"]
[Result "0-1"]
[WhiteElo "2157"]
[BlackElo "2381"]
[PlyCount "94"]
[EventDate "2024.04.16"]
[EventType "swiss (blitz)"]
[EventRounds "11"]
[EventCountry "USA"]
[SourceTitle "CB17_2024"]
[SourceDate "2024.04.24"]
[SourceVersion "1"]
[SourceVersionDate "2024.04.24"]
[SourceQuality "1"]

1. e4 d6 2. d4 g6 3. h4 h5 4. Bc4 Bg7 5. Nf3 Nf6 6. Ng5 0-0 7. Nc3 c6 8. Bb3 d5 9. Be3 dxe4 10. Ncxe4 Nbd7 11. Nxf7 Rxf7 12. Ng5 Nd5 13. Nxf7 Kxf7 14. Qf3+ N7f6 15. 0-0-0 Bg4 16. Qg3 Bxd1 17. Rxd1 Qd6 18. Qh3 e6 19. c4 Nxe3 20. fxe3 c5 21. Rf1 cxd4 22. c5 Qxc5+ 23. Kb1 Re8 24. Rc1 Qf5+ 25. Qxf5 gxf5 26. exd4 Nd5 27. Rf1 Kg6 28. Re1 Kf7 29. Bd1 Nf6 30. Bf3 b6 31. Rc1 Re7 32. Rc6 Rd7 33. a4 Ng4 34. d5 exd5 35. a5 Ne5 36. Bxh5+ Ke7 37. Rc8 bxa5 38. Be2 d4 39. Bb5 Rb7 40. Ba4 d3 41. h5 Ng4 42. Re8+ Kf7 43. h6 Rxb2+ 44. Kc1 d2+ 45. Kd1 Bxh6 46. Rd8 Nf2+ 47. Ke2 d1Q# 0-1

[Event "Titled Tuesday intern op 16th Apr Late"]
[Site "Chess.com INT"]
[Date "2024.04.16"]
[Round "7"]
[White "Vea, Odin Blikra"]
[Black "Wang, Alexander J"]
[Result "0-1"]
[WhiteElo "2157"]
[BlackElo "1911"]
[PlyCount "76"]
[EventDate "2024.04.16"]
[EventType "swiss (blitz)"]
[EventRounds "11"]
[EventCountry "USA"]
[SourceTitle "CB17_2024"]
[SourceDate "2024.04.24"]
[SourceVersion "1"]
[SourceVersionDate "2024.04.24"]
[SourceQuality "1"]

1. e4 c5 2. Nc3 d6 3. f4 Nc6 4. Nf3 g6 5. Bc4 Bg7 6. d3 e6 7. 0-0 Nge7 8. f5 gxf5 9. Qe1 0-0 10. Qh4 fxe4 11. dxe4 Ng6 12. Qh5 Nce5 13. Bg5 f6 14. Be2 fxg5 15. Nxg5 h6 16. Rxf8+ Qxf8 17. Rf1 Qe7 18. Nf7 Nxf7 19. Qxg6 Ne5 20. Qg3 Bd7 21. Bh5 Rf8 22. Rd1 Be8 23. Be2 Nc6 24. Rxd6 Kh8 25. Rd1 Bd4+ 26. Kh1 Qf6 27. h3 Bg6 28. Nb5 Bxe4 29. Nxd4 Nxd4 30. Rf1 Nxe2 31. Rxf6 Nxg3+ 32. Kh2 Rxf6 33. Kxg3 Bxc2 34. Kh4 Be4 35. Kh5 Kg7 36. g4 Rf3 37. h4 Rg3 38. g5 Bf3# 0-1

[Event "Titled Tuesday intern op 12th Mar Late"]
[Site "Chess.com INT"]
[Date "2024.03.12"]
[Round "5"]
[White "Diaz, Fernando"]
[Black "Vea, Odin Blikra"]
[Result "0-1"]
[WhiteElo "2086"]
[BlackElo "2157"]
[PlyCount "64"]
[EventDate "2024.03.12"]
[EventType "swiss (blitz)"]
[EventRounds "11"]
[EventCountry "USA"]
[SourceTitle "CB12_2024"]
[SourceDate "2023.10.01"]
[SourceVersion "1"]
[SourceVersionDate "2023.10.01"]
[SourceQuality "1"]

1. e4 e5 2. Nf3 d5 3. Nxe5 Bd6 4. d4 dxe4 5. Bf4 Nf6 6. Nc3 0-0 7. h3 Nc6 8. Bc4 Qe7 9. Nxc6 bxc6 10. Bg5 h6 11. Be3 Rb8 12. Bb3 c5 13. 0-0 cxd4 14. Bxd4 c5 15. Be3 Be6 16. Qe2 c4 17. Bxc4 Rxb2 18. Bb3 Be5 19. Bd2 Bxb3 20. axb3 Rxc2 21. Rac1 Rb2 22. Nd1 Rxb3 23. Be3 a5 24. Qa6 Rfb8 25. Qxa5 Qe6 26. Qa7 Bd6 27. Qd4 Be5 28. Qd2 Rd3 29. Qe2 Bd6 30. Nc3 Rxc3 31. Rxc3 Qe5 32. Rc2 Qh2# 0-1

[Event "Titled Tuesday intern op 12th Mar Late"]
[Site "Chess.com INT"]
[Date "2024.03.12"]
[Round "11"]
[White "Novak, Ratko"]
[Black "Vea, Odin Blikra"]
[Result "1-0"]
[WhiteElo "2037"]
[BlackElo "2157"]
[PlyCount "115"]
[EventDate "2024.03.12"]
[EventType "swiss (blitz)"]
[EventRounds "11"]
[EventCountry "USA"]
[SourceTitle "CB12_2024"]
[SourceDate "2023.10.01"]
[SourceVersion "1"]
[SourceVersionDate "2023.10.01"]
[SourceQuality "1"]

1. d4 f5 2. c4 Nf6 3. Nc3 g6 4. f3 Bg7 5. e4 fxe4 6. fxe4 d6 7. Bg5 0-0 8. Nf3 h6 9. Bh4 g5 10. Bg3 Nh5 11. Bf2 e5 12. dxe5 dxe5 13. Qb3 Nc6 14. Nd5 g4 15. Bh4 Qe8 16. Nxc7 Qf7 17. Nxa8 gxf3 18. gxf3 Nd4 19. Qe3 Nxf3+ 20. Kd1 Nxh4 21. Be2 Nf4 22. Kc2 Nxe2 23. Qxe2 Nf3 24. Kc3 Be6 25. Raf1 Bg4 26. Qe3 Rxa8 27. Rhg1 Rc8 28. b3 Bh5 29. Qxh6 b5 30. Rxg7+ Qxg7 31. Qxh5 bxc4 32. Qxf3 cxb3+ 33. Kb2 Rc2+ 34. Kxb3 Rc8 35. Kb2 Rf8 36. Qxf8+ Qxf8 37. Rxf8+ Kxf8 38. Kb3 Ke7 39. Kc4 Ke6 40. a4 Kd6 41. h4 Ke6 42. Kc5 Kf6 43. Kd5 a5 44. Kd6 Kg6 45. Kxe5 Kh5 46. Kd5 Kxh4 47. e5 Kg4 48. e6 Kf3 49. e7 Ke3 50. e8Q+ Kd3 51. Qb5+ Kc3 52. Qxa5+ Kd3 53. Qb5+ Kc2 54. a5 Kc1 55. Qe2 Kb1 56. Kc4 Ka1 57. Kc3 Kb1 58. Qb2# 1-0

[Event "Titled Tuesday intern op 12th Mar Late"]
[Site "Chess.com INT"]
[Date "2024.03.12"]
[Round "7"]
[White "Vea, Odin Blikra"]
[Black "Pavlidou, Ekaterini"]
[Result "1-0"]
[WhiteElo "2157"]
[BlackElo "2201"]
[PlyCount "39"]
[EventDate "2024.03.12"]
[EventType "swiss (blitz)"]
[EventRounds "11"]
[EventCountry "USA"]
[SourceTitle "CB12_2024"]
[SourceDate "2023.10.01"]
[SourceVersion "1"]
[SourceVersionDate "2023.10.01"]
[SourceQuality "1"]

1. e4 c5 2. Nc3 e6 3. g3 Nc6 4. Bg2 Nf6 5. f4 d6 6. Nf3 Be7 7. 0-0 Nd4 8. Ne2 Nxe2+ 9. Qxe2 0-0 10. h3 d5 11. e5 Ne8 12. g4 b6 13. d3 Bb7 14. f5 exf5 15. gxf5 f6 16. e6 Nd6 17. Nh4 d4 18. Ng6 hxg6 19. fxg6 Be4 20. dxe4 1-0

[Event "NOR-chT Elite 2122"]
[Site "Norway"]
[Date "2021.10.30"]
[Round "2.4"]
[White "Andreassen, Pal M"]
[Black "Vea, Odin Blikra"]
[Result "0-1"]
[WhiteElo "2079"]
[BlackElo "2173"]
[PlyCount "116"]
[EventDate "2021.10.28"]
[EventType "team-tourn"]
[EventRounds "9"]
[EventCountry "NOR"]
[SourceTitle "EXT 2024"]
[Source "ChessBase"]
[SourceDate "2023.10.10"]
[SourceVersion "1"]
[SourceVersionDate "2023.10.10"]
[SourceQuality "1"]
[WhiteTeam "SOSS"]
[BlackTeam "Valerenga"]
[WhiteTeamCountry "NOR"]
[BlackTeamCountry "NOR"]

1. e4 c5 2. Nf3 d6 3. Bb5+ Nd7 4. d4 cxd4 5. Qxd4 Ngf6 6. Bg5 a6 7. Bxf6 gxf6 8. Bc4 Ne5 9. Nxe5 fxe5 10. Qe3 e6 11. Nc3 Bd7 12. 0-0-0 b5 13. Bb3 a5 14. a4 b4 15. Ne2 Be7 16. Kb1 Bc6 17. f4 exf4 18. Nxf4 Qd7 19. e5 d5 20. Rhf1 0-0-0 21. Ne2 Rdf8 22. c4 bxc3 23. Nxc3 Rhg8 24. Rf2 Rg4 25. Rc2 d4 26. Qe2 Rxg2 27. Qa6+ Qb7 28. Qxb7+ Kxb7 29. Rxg2 Bxg2 30. Rxd4 Bc6 31. Rg4 Bc5 32. Bc2 h5 33. Rg5 h4 34. Rh5 Be7 35. Rh7 Kb6 36. Bd1 Bc5 37. Bh5 Bg1 38. Rxf7 Rxf7 39. Bxf7 Bxh2 40. Bxe6 Bxe5 41. Nd5+ Kc5 42. Ne3 Bxa4 43. Ng2 Bf6 44. Ka2 Bg5 45. Ka3 Bc6 46. Nxh4 Bxh4 47. Bf7 Bf6 48. Be6 Kd4 49. Bf5 Bb5 50. Bg6 Ke3 51. Bf7 Kd2 52. b3 Kc3 53. Be6 Be7+ 54. Ka2 Bd3 55. Bf7 Kc2 56. Be6 Kc1 57. Bf7 Bb1+ 58. Ka1 Bf6# 0-1

[Event "NOR-chT Club"]
[Site "Drammen"]
[Date "2019.05.30"]
[Round "1.5"]
[White "Vea, Odin Blikra"]
[Black "Aarnes, Eirik"]
[Result "1-0"]
[WhiteElo "2206"]
[BlackElo "1849"]
[PlyCount "113"]
[EventDate "2019.05.30"]
[EventType "team-swiss"]
[EventRounds "6"]
[EventCountry "NOR"]
[SourceTitle "CBM 190 Extra"]
[Source "ChessBase"]
[SourceDate "2019.07.15"]
[SourceVersion "1"]
[SourceVersionDate "2019.07.15"]
[SourceQuality "1"]
[WhiteTeam "Valerenga"]
[BlackTeam "Stjernen"]
[WhiteTeamCountry "NOR"]
[BlackTeamCountry "NOR"]

1. e4 c5 2. Nc3 d6 3. f4 Nc6 4. Nf3 a6 5. a4 g6 6. Bc4 Bg7 7. 0-0 e6 8. f5 gxf5 9. d3 Nge7 10. Ng5 Bd4+ 11. Kh1 Ne5 12. exf5 d5 13. Bf4 Nxf5 14. Nce4 dxe4 15. dxe4 Nd6 16. Qh5 Rf8 17. c3 Ndxc4 18. cxd4 Ng6 19. b3 Qxd4 20. Rad1 Nxf4 21. Rxf4 Qg7 22. bxc4 Bd7 23. Nxf7 Rxf7 24. Rdf1 0-0-0 25. Rxf7 Qd4 26. Qh4 Qxc4 27. h3 Qxa4 28. Qe7 Qc6 29. Rd1 c4 30. e5 a5 31. Kh2 Qc7 32. Qf6 b5 33. Qf4 a4 34. Qe4 Kb8 35. Qd4 Kc8 36. Rb1 Kb8 37. Qf4 a3 38. Qe3 a2 39. Rxb5+ Bxb5 40. Rxc7 Kxc7 41. Qc5+ Bc6 42. Qa7+ Kc8 43. Qxa2 Bd5 44. Qa6+ Kb8 45. Qb6+ Kc8 46. Qc5+ Kb8 47. Qb4+ Kc8 48. g4 Rd7 49. Qf8+ Kc7 50. g5 Kc6 51. h4 c3 52. Qb4 Rc7 53. Qxc3+ Kd7 54. Qd3 Ke8 55. g6 hxg6 56. Qxg6+ Kd8 57. h5 1-0

[Event "NOR-chT Club"]
[Site "Bergen"]
[Date "2018.05.13"]
[Round "5.1"]
[White "Tryggestad, Andreas Garberg"]
[Black "Vea, Odin Blikra"]
[Result "0-1"]
[WhiteElo "2251"]
[BlackElo "2187"]
[PlyCount "64"]
[EventDate "2018.05.10"]
[EventType "team-swiss"]
[EventRounds "6"]
[EventCountry "NOR"]
[SourceTitle "EXT 2019"]
[Source "ChessBase"]
[SourceDate "2018.10.10"]
[SourceVersion "1"]
[SourceVersionDate "2018.10.10"]
[SourceQuality "1"]
[WhiteTeam "Nordstrand"]
[BlackTeam "Valerenga"]
[WhiteTeamCountry "NOR"]
[BlackTeamCountry "NOR"]

1. d4 Nf6 2. c4 g6 3. Nc3 Bg7 4. e4 d6 5. Nf3 0-0 6. Be2 e5 7. d5 Nh5 8. h3 Nf4 9. Bxf4 exf4 10. Qd2 f5 11. exf5 Bxf5 12. Nd4 Nd7 13. 0-0-0 Ne5 14. Nxf5 Rxf5 15. Bg4 Rf8 16. Be6+ Kh8 17. b3 Qf6 18. Kc2 a6 19. Ne4 Qh4 20. f3 b5 21. c5 dxc5 22. Qf2 Qxf2+ 23. Nxf2 c4 24. Ne4 a5 25. h4 h6 26. Nc5 cxb3+ 27. axb3 a4 28. Ra1 axb3+ 29. Kxb3 Nxf3 30. Rxa8 Nd4+ 31. Kb4 Rxa8 32. Nd3 Ra4+ 0-1

[Event "EU-Cup 33rd"]
[Site "Antalya"]
[Date "2017.10.13"]
[Round "6.4"]
[White "Vea, Odin Blikra"]
[Black "Taskaya, Muhammed"]
[Result "0-1"]
[WhiteElo "2211"]
[BlackElo "1980"]
[PlyCount "110"]
[EventDate "2017.10.08"]
[EventType "team-swiss"]
[EventRounds "7"]
[EventCountry "TUR"]
[SourceTitle "CBM 181"]
[Source "ChessBase"]
[SourceDate "2017.11.10"]
[SourceVersion "1"]
[SourceVersionDate "2017.11.10"]
[SourceQuality "1"]
[WhiteTeam "Valerenga"]
[BlackTeam "Karaman Belediye"]
[WhiteTeamCountry "NOR"]
[BlackTeamCountry "TUR"]

1. e4 e6 2. d4 d5 3. e5 c5 4. c3 Nc6 5. Nf3 Bd7 6. a3 c4 7. g3 Na5 8. Nbd2 Ne7 9. Bh3 Nc8 10. 0-0 Nb6 11. Ne1 Ba4 12. Qe2 Be7 13. f4 g6 14. g4 h5 15. f5 hxg4 16. fxe6 gxh3 17. exf7+ Kf8 18. e6 Nb3 19. Nxb3 cxb3 20. Qe5 Rh7 21. Nf3 Qd6 22. Ng5 Rh5 23. Nf3 Qxe5 24. Nxe5 Kg7 25. Bf4 Nc4 26. Nxc4 dxc4 27. Be5+ Rxe5 28. dxe5 Bc5+ 29. Rf2 Rd8 30. Kf1 Bc6 31. Rf4 Bd5 32. Rd1 Bg2+ 33. Ke2 Rxd1 34. Kxd1 Bd5 35. Rf6 Be7 36. f8Q+ Bxf8 37. Rf7+ Kg8 38. Rf6 Be7 39. Rxg6+ Kh7 40. Rg1 Bxe6 41. Ke2 Bc5 42. Rf1 Be7 43. Ke3 Kg6 44. Ke4 b5 45. Kd4 Kg5 46. Rg1+ Bg4 47. Kd5 Kf4 48. Rf1+ Ke3 49. e6 Bf3+ 50. Ke5 Ke2 51. Rg1 Bg2 52. a4 bxa4 53. Kd4 Kd2 54. Kxc4 Kc2 55. Kb5 a3 0-1

[Event "EU-Cup 33rd"]
[Site "Antalya"]
[Date "2017.10.09"]
[Round "2.4"]
[White "Vea, Odin Blikra"]
[Black "Ruane, Ciaran"]
[Result "1-0"]
[WhiteElo "2211"]
[BlackElo "1946"]
[PlyCount "63"]
[EventDate "2017.10.08"]
[EventType "team-swiss"]
[EventRounds "7"]
[EventCountry "TUR"]
[SourceTitle "CBM 181"]
[Source "ChessBase"]
[SourceDate "2017.11.10"]
[SourceVersion "1"]
[SourceVersionDate "2017.11.10"]
[SourceQuality "1"]
[WhiteTeam "Valerenga"]
[BlackTeam "Benildus"]
[WhiteTeamCountry "NOR"]
[BlackTeamCountry "IRL"]

1. e4 e6 2. d4 d5 3. Nd2 Nf6 4. e5 Nfd7 5. Bd3 c5 6. c3 Nc6 7. Ne2 f6 8. exf6 Nxf6 9. 0-0 cxd4 10. cxd4 Bd6 11. Nf3 0-0 12. Bf4 Bxf4 13. Nxf4 Ne4 14. Nh5 g6 15. Ng3 Nxg3 16. hxg3 Qb6 17. Qd2 Nxd4 18. Ne5 Nf5 19. g4 Ne7 20. Qg5 Qd8 21. Qh6 Qc7 22. Rfe1 Nc6 23. Rac1 Qg7 24. Qxg7+ Kxg7 25. Nxc6 bxc6 26. Rxc6 Re8 27. Rc7+ Kg8 28. f4 e5 29. Bb5 Re6 30. fxe5 Rb6 31. Bc6 Rab8 32. e6 1-0

[Event "NOR-chB"]
[Site "Stavanger"]
[Date "2017.07.06"]
[Round "7"]
[White "Vea, Odin Blikra"]
[Black "Royset, Pal"]
[Result "1/2-1/2"]
[WhiteElo "2213"]
[BlackElo "2216"]
[PlyCount "75"]
[EventDate "2017.07.01"]
[EventType "swiss"]
[EventRounds "9"]
[EventCountry "NOR"]
[SourceTitle "CBM 179 Extra"]
[Source "ChessBase"]
[SourceDate "2017.08.23"]
[SourceVersion "1"]
[SourceVersionDate "2017.08.23"]
[SourceQuality "1"]

1. e4 e5 2. Nf3 Nc6 3. Bb5 a6 4. Ba4 Nf6 5. 0-0 Be7 6. Re1 b5 7. Bb3 0-0 8. h3 d6 9. c3 Be6 10. d4 Bxb3 11. Qxb3 exd4 12. cxd4 d5 13. e5 Ne4 14. Nbd2 Na5 15. Qc2 Nxd2 16. Bxd2 Nc4 17. Bf4 c6 18. b3 Na5 19. Bd2 Rc8 20. e6 f6 21. Nh4 Nb7 22. Nf5 Nd6 23. Ba5 Qe8 24. Nxe7+ Qxe7 25. Bb4 Rfe8 26. Qe2 Qc7 27. e7 Qd7 28. a4 Ne4 29. axb5 axb5 30. f3 Nd6 31. Bc5 Rc7 32. Ra6 Kf7 33. Qc2 Rxe7 34. Rxe7+ Qxe7 35. Bxd6 Qxd6 36. Qxh7 Qf4 37. Qh5+ Ke7 38. Qg4 1/2-1/2

[Event "Gibraltar Masters 15th"]
[Site "Caleta"]
[Date "2017.02.01"]
[Round "9"]
[White "Vea, Odin Blikra"]
[Black "Agbabishvili, Lali"]
[Result "1/2-1/2"]
[WhiteElo "2234"]
[BlackElo "2095"]
[PlyCount "111"]
[EventDate "2017.01.24"]
[EventType "swiss"]
[EventRounds "10"]
[EventCountry "GGB"]
[SourceTitle "CBM 177"]
[Source "ChessBase"]
[SourceDate "2017.03.16"]
[SourceVersion "1"]
[SourceVersionDate "2017.03.16"]
[SourceQuality "1"]

1. e4 c5 2. Nf3 d6 3. d4 cxd4 4. Nxd4 Nf6 5. Nc3 a6 6. h3 e5 7. Nde2 Be6 8. g4 h6 9. Bg2 Nbd7 10. 0-0 Rc8 11. Be3 b5 12. Qd2 Nb6 13. b3 Qc7 14. Rac1 Be7 15. Nd5 Nbxd5 16. exd5 Bd7 17. c4 Qb8 18. Rfd1 0-0 19. c5 dxc5 20. d6 Bd8 21. Bxc5 a5 22. Ng3 Bb6 23. Qe3 Rxc5 24. Rxc5 Qa7 25. Rdc1 Re8 26. a3 b4 27. axb4 axb4 28. R1c2 Bxc5 29. Rxc5 Qb6 30. Rxe5 Qxd6 31. Rxe8+ Bxe8 32. Nf5 Qd1+ 33. Kh2 Bd7 34. Qd4 Qxd4 35. Nxd4 Be6 36. Kg3 Nd7 37. Nxe6 fxe6 38. Bf1 Nc5 39. Bc4 Kf7 40. Kf4 Kf6 41. Ke3 e5 42. f4 g5 43. fxe5+ Kxe5 44. Bf7 Ne4 45. Kd3 Kf4 46. Bd5 Nf2+ 47. Kc4 Nxh3 48. Kxb4 Nf2 49. Kc3 Nxg4 50. Kd4 Ne3 51. Be4 g4 52. b4 g3 53. b5 Nf5+ 54. Kd5 Ne7+ 55. Kd4 Nf5+ 56. Kd5 1/2-1/2

[Event "Sitges op 42nd"]
[Site "Sitges"]
[Date "2016.07.23"]
[Round "2"]
[White "Vea, Odin Blikra"]
[Black "Henriquez Villagra, Cristobal"]
[Result "0-1"]
[WhiteElo "2266"]
[BlackElo "2491"]
[PlyCount "73"]
[EventDate "2016.07.22"]
[EventType "swiss"]
[EventRounds "9"]
[EventCountry "ESP"]
[SourceTitle "EXT 2017"]
[Source "ChessBase"]
[SourceDate "2016.10.25"]
[SourceVersion "1"]
[SourceVersionDate "2016.10.25"]
[SourceQuality "1"]

1. e4 c5 2. Nf3 d6 3. d4 cxd4 4. Nxd4 Nf6 5. Nc3 Nc6 6. Bg5 Bd7 7. Qd2 h6 8. Bxf6 gxf6 9. f4 Rc8 10. 0-0-0 Nxd4 11. Qxd4 Qa5 12. Kb1 Qc5 13. Qd3 Bg7 14. f5 h5 15. Nd5 h4 16. b4 Qc6 17. c4 a5 18. b5 Qc5 19. Qd4 Qxd4 20. Rxd4 Rc5 21. Be2 e6 22. Nb6 Bf8 23. Rhd1 Rg8 24. Bf1 Rg4 25. h3 Rf4 26. Be2 Rf2 27. Bf1 Re5 28. Na4 Rf4 29. Nc3 Bc8 30. Bd3 Rf2 31. Rg1 Bh6 32. Bc2 Be3 33. Rd3 Bc5 34. Na4 Ke7 35. Rgd1 Rxg2 36. Nxc5 Rxc5 37. Rxd6 0-1

[Event "Sarajevo Bosna op 46th"]
[Site "Sarajevo"]
[Date "2016.05.30"]
[Round "4"]
[White "Vea, Odin Blikra"]
[Black "Tuna, Alp"]
[Result "1-0"]
[WhiteElo "2288"]
[BlackElo "2034"]
[PlyCount "99"]
[EventDate "2016.05.28"]
[EventType "swiss"]
[EventRounds "9"]
[EventCountry "BIH"]
[SourceTitle "EXT 2019"]
[Source "ChessBase"]
[SourceDate "2018.10.10"]
[SourceVersion "1"]
[SourceVersionDate "2018.10.10"]
[SourceQuality "1"]

1. e4 c6 2. Nf3 d5 3. exd5 cxd5 4. Ne5 Nc6 5. Bb5 Bd7 6. Nxd7 Qxd7 7. d4 a6 8. Be2 e6 9. 0-0 Nf6 10. c3 Bd6 11. Nd2 0-0 12. f4 Qc7 13. g3 b5 14. Bd3 b4 15. Nf3 bxc3 16. bxc3 Na5 17. Qe2 Ne4 18. Bxe4 dxe4 19. Qxe4 Qxc3 20. Bd2 Qc6 21. Ng5 Qxe4 22. Nxe4 Nc4 23. f5 Rfe8 24. Nxd6 Nxd6 25. fxe6 Rxe6 26. Bf4 Rd8 27. d5 Re2 28. Rfe1 Rxe1+ 29. Rxe1 Kf8 30. Kf2 Nb5 31. a4 Nc3 32. d6 Rd7 33. Kf3 Nxa4 34. Rc1 g5 35. Rc8+ Kg7 36. Be5+ Kg6 37. g4 f6 38. Bg3 Kf7 39. Ke4 Ke6 40. Re8+ Kf7 41. Rc8 Ke6 42. Kd4 Nb6 43. Re8+ Kf7 44. Rb8 Na4 45. Rb4 Ke6 46. Rxa4 Rb7 47. Rxa6 Rb4+ 48. Kc5 Rxg4 49. Ra7 Rxg3 50. hxg3 1-0

[Event "Sarajevo Bosna op 46th"]
[Site "Sarajevo"]
[Date "2016.05.29"]
[Round "3"]
[White "Vea, Odin Blikra"]
[Black "Petrovic, Marija"]
[Result "0-1"]
[WhiteElo "2288"]
[BlackElo "2055"]
[PlyCount "64"]
[EventDate "2016.05.28"]
[EventType "swiss"]
[EventRounds "9"]
[EventCountry "BIH"]
[SourceTitle "EXT 2019"]
[Source "ChessBase"]
[SourceDate "2018.10.10"]
[SourceVersion "1"]
[SourceVersionDate "2018.10.10"]
[SourceQuality "1"]

1. e4 e5 2. Nf3 Qe7 3. Nc3 c6 4. d4 d6 5. Be2 h6 6. Be3 Nf6 7. h3 Qc7 8. Qd2 Be7 9. g4 Nbd7 10. Nh4 g6 11. dxe5 dxe5 12. 0-0-0 Nc5 13. f3 Be6 14. Kb1 b5 15. a3 a5 16. Bxb5 cxb5 17. Nxb5 Qc6 18. Nd6+ Bxd6 19. Qxd6 Qxd6 20. Rxd6 Nfd7 21. Rc6 Nb7 22. Rc7 Nd6 23. Rd1 Nb5 24. Rb7 Nd4 25. c3 Nc6 26. Rd6 0-0-0 27. Rb6 Ncb8 28. Rb5 Kc7 29. Rd2 Nc6 30. b3 Rb8 31. a4 Bxb3 32. Rb2 Be6 0-1

[Event "Alesund Grand Prix"]
[Site "Alesund"]
[Date "2016.04.03"]
[Round "5"]
[White "Vea, Odin Blikra"]
[Black "Kvamme, John Agnar"]
[Result "1-0"]
[WhiteElo "2264"]
[BlackElo "2167"]
[PlyCount "53"]
[EventDate "2016.04.02"]
[EventType "swiss"]
[EventRounds "6"]
[EventCountry "NOR"]
[SourceTitle "EXT 2024"]
[Source "ChessBase"]
[SourceDate "2023.10.10"]
[SourceVersion "1"]
[SourceVersionDate "2023.10.10"]
[SourceQuality "1"]

1. e4 g6 2. d4 Bg7 3. Nf3 d6 4. Be3 Nc6 5. Nc3 Nf6 6. d5 Ne5 7. Nxe5 dxe5 8. f3 0-0 9. Qd2 e6 10. 0-0-0 exd5 11. exd5 a6 12. g4 b5 13. a3 Qe7 14. Qf2 Ne8 15. h4 f5 16. g5 e4 17. Bc5 Nd6 18. f4 Re8 19. Qe3 Bd7 20. h5 a5 21. hxg6 hxg6 22. Nxb5 Bxb5 23. Bxb5 Bxb2+ 24. Kxb2 Rab8 25. Kc1 Rxb5 26. Qc3 Qg7 27. Bd4 1-0

[Event "NOR-chT 1516"]
[Site "Norway"]
[Date "2016.03.04"]
[Round "7.3"]
[White "Vea, Odin Blikra"]
[Black "Laverton, Christian"]
[Result "1/2-1/2"]
[WhiteElo "2269"]
[BlackElo "2104"]
[PlyCount "126"]
[EventDate "2015.10.30"]
[EventType "team-tourn"]
[EventRounds "9"]
[EventCountry "NOR"]
[SourceTitle "EXT 2017"]
[Source "ChessBase"]
[SourceDate "2016.10.25"]
[SourceVersion "1"]
[SourceVersionDate "2016.10.25"]
[SourceQuality "1"]
[WhiteTeam "Valerenga"]
[BlackTeam "Trondheim"]
[WhiteTeamCountry "NOR"]
[BlackTeamCountry "NOR"]

1. e4 c5 2. Nf3 e6 3. g3 Nc6 4. Bg2 d5 5. exd5 exd5 6. d4 Nf6 7. 0-0 Be7 8. dxc5 0-0 9. Bg5 Bxc5 10. c3 Be6 11. Nbd2 h6 12. Nb3 Bb6 13. Bf4 Qd7 14. Ne5 Nxe5 15. Bxe5 Ne4 16. Bd4 Qc6 17. Qh5 a5 18. a4 Bc7 19. Rfe1 Rfe8 20. f3 Nd6 21. Bf2 Nc4 22. Nd4 Qd7 23. b3 Nd6 24. Nxe6 fxe6 25. f4 b5 26. axb5 Nxb5 27. c4 Nc3 28. Rac1 Ne4 29. Rxe4 dxe4 30. Bxe4 Qf7 31. Bh7+ Kf8 32. Bc5+ Re7 33. Bg6 Qf6 34. Rd1 Rd8 35. Rxd8+ Bxd8 36. Qd1 Bb6 37. Bxb6 Qxg6 38. Bc5 Ke8 39. Bxe7 Kxe7 40. c5 Qe4 41. Kf2 Qb4 42. Qd6+ Kf7 43. Qd7+ Kf6 44. c6 Qc5+ 45. Kf3 Qc3+ 46. Ke4 Qc2+ 47. Ke3 Qxb3+ 48. Kf2 Qb2+ 49. Kf3 Qc3+ 50. Kg4 Qc2 51. Qd8+ Kg6 52. c7 Qe2+ 53. Kh3 Qh5+ 54. Qh4 Qc5 55. f5+ exf5 56. Qd8 Qc4 57. Qe8+ Kf6 58. Qd8+ Kg6 59. Qd6+ Kf7 60. Qd7+ Kf6 61. Qd6+ Kf7 62. Qd7+ Kf6 63. Qd6+ Kf7 1/2-1/2

[Event "Gibraltar Masters 14th"]
[Site "Caleta"]
[Date "2016.02.03"]
[Round "9"]
[White "Solomon, Kenny"]
[Black "Vea, Odin Blikra"]
[Result "0-1"]
[WhiteElo "2390"]
[BlackElo "2271"]
[PlyCount "164"]
[EventDate "2016.01.26"]
[EventType "swiss"]
[EventRounds "10"]
[EventCountry "GGB"]
[SourceTitle "CBM 171"]
[Source "ChessBase"]
[SourceDate "2016.03.14"]
[SourceVersion "2"]
[SourceVersionDate "2016.03.14"]
[SourceQuality "1"]

1. Nf3 Nf6 2. c4 g6 3. Nc3 Bg7 4. e4 d6 5. d4 0-0 6. Be2 e5 7. Be3 Ng4 8. Bg5 f6 9. Bh4 g5 10. Bg3 Nh6 11. d5 f5 12. exf5 Nxf5 13. Nd2 Nd7 14. Nde4 h6 15. 0-0 Nf6 16. Nxf6+ Qxf6 17. Ne4 Qe7 18. Rc1 Nd4 19. Bg4 Qf7 20. Re1 Bf5 21. Bxf5 Nxf5 22. h3 b6 23. b4 a5 24. a3 axb4 25. axb4 Ra3 26. Ra1 Rfa8 27. Rxa3 Rxa3 28. Qc1 Ra4 29. Qb2 Qe8 30. Nc3 Ra8 31. Qc1 Qf7 32. Qd2 Re8 33. Ne4 Ra8 34. Qd3 Nd4 35. f3 b5 36. Rc1 Ra2 37. Nc3 bxc4 38. Qxc4 Rd2 39. Qf1 e4 40. Nxe4 Ne2+ 41. Kh1 Qxd5 42. Be1 Ra2 43. Rb1 Qd3 44. Bf2 d5 45. Nc5 Qc2 46. Qd1 d4 47. Qxc2 Rxc2 48. Ra1 Be5 49. Nd3 Bd6 50. Be1 Kf7 51. b5 Ke6 52. Ba5 Kd5 53. b6 cxb6 54. Bxb6 Rd2 55. Nf2 Ng3+ 56. Kg1 Bf4 57. Nd1 Ne2+ 58. Kf2 Nc3+ 59. Ke1 Rxg2 60. Ra5+ Kc4 61. Kf1 Ra2 62. Rxa2 Nxa2 63. Nb2+ Kc3 64. Na4+ Kb3 65. Nc5+ Kc4 66. Ne6 Be5 67. f4 gxf4 68. Bxd4 Bxd4 69. Nxf4 Be5 70. Ne2 Kd3 71. Kf2 Ke4 72. Kg2 Ke3 73. Ng1 Nb4 74. Nf3 Nd3 75. h4 Bf4 76. h5 Ke4 77. Nh4 Bd6 78. Ng6 Kf5 79. Nh4+ Kg5 80. Ng6 Kxh5 81. Nh8 Ne5 82. Kf2 Bf8 0-1